guess the logo - Statistics

General Stats
  • This quiz has been taken 170 times
  • The average score is 6 of 15
Answer Stats
Picture Answer % Correct
apple
98%
microsoft
95%
playstation
94%
xbox
92%
coca cola
57%
american airlines
44%
adidas
38%
nintendo
30%
jordan
29%
louis vuitton
28%
converse
17%
elmers glue
6%
pagani
3%
samsung
2%
south africa flag
2%
No matching quizzes found
Score Distribution
Percent of People with Each Score
Percentile by Number Answered
Your Score History
You have not taken this quiz